Kombinace a léčky : materiál pro školení méňě pokročilých šachistů a pro šachové trenéry /

Hlavní autor: Lendl, Eduard, 1893-1976
Jazyk: Čeština
Vydáno: Brno : Krajský výbor Československého svazu tělesné výchovy, 1964
Témata:
Fyzický popis: 9 s.
Knihy
Uloženo v:
LEADER 00885nam a22002172a 4500
001 000204191
003 CZ BrMZK
005 20020220101044.0
008 010907s1964 xr f cze d
040 |a BOA001  |b cze  |c BOA002 
080 |a 794.1.052  |2 MRF 
100 1 |a Lendl, Eduard,  |d 1893-1976  |7 jk01071859  |4 aut 
245 1 0 |a Kombinace a léčky :  |b materiál pro školení méňě pokročilých šachistů a pro šachové trenéry /  |c sestavil Eduard Lendl 
260 |a Brno :  |b Krajský výbor Československého svazu tělesné výchovy,  |c 1964 
300 |a 9 s. 
910 |a BOA001  |b PK-Š-0000.796 
964 |a Šachy - kombinace 
964 |a Šachy - léčky 
990 |a BK 
996 7 |b 3119900956  |c PK-Š-0000.796  |l MZK  |r Sklad / do 1 hodiny  |n 4  |w 000204191  |u 000010  |a 1  |e BOA001  |j MZK50  |s A 
996 7 |b 3119913337  |c PK-Š-0000.796  |l MZK  |r Sklad / do 1 hodiny  |n 0  |w 000204191  |u 000020  |a 1  |e BOA001  |j MZK50  |s A